书目信息 |
| 题名: |
剑桥教授讲授的人生哲理
|
|
| 作者: | 赵永新 , 天舒 编著 | |
| 分册: | ||
| 出版信息: | 北京 石油工业出版社 2005.05 |
|
| 页数: | [11], 225页 | |
| 开本: | 23cm | |
| 丛书名: | ||
| 单 册: | ||
| 中图分类: | B821-49 | |
| 科图分类: | ||
| 主题词: | 人生哲学--ren sheng zhe xue--通俗读物 | |
| 电子资源: | ||
| ISBN: | 7-5021-4999-6 | |
| 000 | 00850nam0 2200241 450 | |
| 001 | 012006715297 | |
| 005 | 20060906102920.95 | |
| 010 | @a7-5021-4999-6@dCNY23.80 | |
| 100 | @a20060611d2005 km y0chiy0120 ea | |
| 101 | 0 | @achi |
| 102 | @aCN@b110000 | |
| 105 | @ay z 000yy | |
| 200 | 1 | @a剑桥教授讲授的人生哲理@Ajian qiao jiao shou jiang shou de ren sheng zhe li@f赵永新, 天舒编著@Fzhao yong xin,tian shu bian zhu |
| 210 | @a北京@c石油工业出版社@d2005.05 | |
| 215 | @a[11], 225页@d23cm | |
| 330 | @a本书是一本通俗读物,讲述了八百年来剑桥大学众多杰出教授和知名学者有关人生智慧和做人艺术 的演讲与文章。 | |
| 333 | @a普通读者 | |
| 606 | 0 | @a人生哲学@Aren sheng zhe xue@j通俗读物 |
| 690 | @aB821-49@v4 | |
| 701 | 0 | @a赵永新@Azhao yong xin@4编著 |
| 701 | 0 | @a天舒@Atian shu@4编著 |
| 801 | 0 | @aCN@bQSSK@c20060906 |
| 905 | @a10447@dB821-49@eZ347 | |
| 剑桥教授讲授的人生哲理/赵永新, 天舒编著.-北京:石油工业出版社,2005.05 |
| [11], 225页;23cm |
| 使用对象:普通读者 |
| ISBN 7-5021-4999-6:CNY23.80 |
| 本书是一本通俗读物,讲述了八百年来剑桥大学众多杰出教授和知名学者有关人生智慧和做人艺术 的演讲与文章。 |
| ● |
| 相关链接 |
|
|
|
正题名:剑桥教授讲授的人生哲理
索取号:B821-49/Z347
 
预约/预借
| 序号 | 登录号 | 条形码 | 馆藏地/架位号 | 状态 | 备注 |
| 1 | 585151 | 205851513 | 社科库509/509社科库 27排4列6层/ [索取号:B821-49/Z347] | 在馆 | |
| 2 | 585152 | 205851522 | 社科库509/509社科库 27排4列6层/ [索取号:B821-49/Z347] | 在馆 | |
| 3 | 585153 | 205851531 | 社科库509/509社科库 27排4列6层/ [索取号:B821-49/Z347] | 在馆 |